Statistics for Creatures from Mythology

Click here to take the quiz!

General Stats

  • This quiz has been taken 47 times
  • The average score is 17 of 21

Answer Stats

HintAnswer% Correct
one eyed giantcyclops
98%
born from its own ashesphoenix
98%
blood sucking dudevampire
98%
human that turns into a frenzied wolf on the full moonwerewolf
98%
Medusa was this speciesgorgon
95%
ugly birds with the head of a womenharpy
95%
locked in a maze on the island Creteminotaur
95%
flying horsepegasus
95%
horse with one hornunicorn
95%
half man half horsecentaur
93%
fire breathing lizarddragon
93%
cut off one head, two more takes its placehydra
90%
lure men to their deathssiren
90%
half human, half fishmermaid
88%
Greek guardian of the underworldcerberus
78%
half man half goatsatyr
78%
term for a Greek female deity associated with an object of naturenymph
75%
creature with the head of a woman and the body of a lionsphinx
68%
Greek sea monster who guards a straitscylla
45%
half horse, half fishhippocampus
38%
"mother of all monsters"echidna
20%

Score Distribution

Percentile by Number Answered

Percent of People with Each Score

Your Score History

You have not taken this quiz